Śródziemie Tolkiena - quiz na mapie - Statystyki

Ogólne statystyki
  • Ten quiz został rozwiązany 1 029 razy
    1 026 od ostatniego zresetowania
  • Średni wynik to 9 z 15
Odpowiedzi na mapie
Odpowiedzi zakodowano w zielono-czerwonej skali na mapie do tego quizu, zgodnie z poniższymi procentami.
 
Statystyki odpowiedzi
Odpowiedź % Poprawnych
Mgliste Góry
84%
Granice Mordoru
79%
Samotna Góra
74%
Góra Przeznaczenia
73%
Hobbiton
71%
Mroczna Puszcza
70%
Bree
65%
Rivendell
59%
Minas Tirith
56%
Martwe Bagna
47%
Helmowy Jar
44%
Isengard
44%
Fangorn
41%
Lorien
39%
Edoras
35%
Nie znaleziono quizów pasujących do podanych kryteriów
Rozkład punktacji
Procent ludzi z każdym wynikiem
Percentyl według liczby udzielonych odpowiedzi
Twoja historia wyników
Nie rozwiązałeś tego quizu od ostatniego zresetowania